000 00740nam a22002417a 4500
003 BCEG
005 20260130171120.0
008 260130s2002 sp|||||| |||| 00| 0 spa d
020 _a9788446025672
040 _aBCEG
_bspa
_cBCEG
082 0 4 _a281.9
_bB614i
100 1 _aBinns, John
245 1 4 _aLas iglesias cristianas ortodoxas.
260 _aMadrid :
_bAkal,
_c2009.
300 _a319 p.
_b: fots.
490 _aAkal Universitaria. Serie Religiones y Mitos ;
_v297.
504 _aIncluye bibliografía e índice.
534 _pTítulo original :
_tAn introduction to the christian orthodox churches.
541 _aDonación.
650 1 4 _aIglesia ortodoxa oriental.
700 1 _aMarrero Muñoz, Aureliano,
_etr.
942 _cBK
999 _c437071
_d437071